| Tag |
First Indicator |
Second Indicator |
Subfields |
| LEADER |
00000pam a2200000 a 4500 |
| 001 |
in00000073772 |
| 005 |
20151008054710.0 |
| 008 |
810924s1982 couab b 10100 eng |
| 010 |
|
|
|a 81015992
|
| 020 |
|
|
|a 0865313180 :
|c $25.00 (est.)
|
| 035 |
|
|
|a (OCoLC)07875693
|
| 035 |
|
|
|9 AAJ1420AM
|
| 040 |
|
|
|a DLC
|c DLC
|d TXA
|d UtOrBLW
|
| 043 |
|
|
|a n------
|a u-at---
|
| 049 |
|
|
|a TXAM
|c [932877]
|
| 050 |
0 |
0 |
|a GN388
|b .R47
|
| 082 |
0 |
|
|a 3063.3
|2 19
|
| 245 |
0 |
0 |
|a Resource managers :
|b North American and Australian hunter-gatherers /
|c edited by Nancy M. Williams and Eugene S. Hunn.
|
| 264 |
|
1 |
|a Boulder, Colo. :
|b Westview Press for the American Association for the Advancement of Science,
|c 1982.
|
| 300 |
|
|
|a xi, 267 pages :
|b illustrations, maps ;
|c 24 cm.
|
| 336 |
|
|
|a text
|b txt
|2 rdacontent
|
| 337 |
|
|
|a unmediated
|b n
|2 rdamedia
|
| 338 |
|
|
|a volume
|b nc
|2 rdacarrier
|
| 490 |
1 |
|
|a AAAS selected symposium ;
|v 67
|
| 500 |
|
|
|a "Based on a symposium which was held at the 1980 AAAS national annual meeting in San Francisco, California, January 3-8 ... sponsored by AAAS Section H (Anthropology)."--Verso title page.
|
| 504 |
|
|
|a Includes bibliographies and index.
|
| 650 |
|
0 |
|a Hunting and gathering societies
|x Congresses.
|
| 650 |
|
0 |
|a Indians of North America
|x Economic conditions
|x Congresses.
|
| 650 |
|
0 |
|a Aboriginal Australians
|x Economic conditions
|x Congresses.
|
| 700 |
1 |
|
|a Williams, Nancy M.
|
| 700 |
1 |
|
|a Hunn, Eugene S.
|
| 710 |
2 |
|
|a American Association for the Advancement of Science.
|b Section H--Anthropology.
|
| 830 |
|
0 |
|a AAAS selected symposium ;
|v 67.
|
| 999 |
|
|
|a MARS
|
| 999 |
f |
f |
|s c663e6ec-b24e-35bd-9598-8af1ff41cc72
|i 40072143-3d3e-3eba-904f-ff937a06ad99
|t 0
|
| 952 |
f |
f |
|p ric
|a Texas A&M University
|b Rellis Campus
|c Joint Library Facility
|d Remote Storage
|t 0
|e GN388 .R47
|h Library of Congress classification
|i unmediated -- volume
|m A14806114375
|
| 998 |
f |
f |
|a GN388 .R47
|t 0
|l Remote Storage
|